Adrian Mole na crise da adolescência (Registo nº 2128)

Detalhes MARC
000 -Etiqueta do registo
Cabeçalho 00775nam a22002531 4500
005 - Identificador da versão
Campo de controlo 20240813121925.0
095 ## -
-- PTBN00031316
021 ## - Número do Depósito Legal
Código do país PT
Número 83969
100 ## - Dados gerais de processamento
Dados gerais de processamento 19911117d1987 k y0pory5003 ba
102 ## - Pais de publicação ou produção
País de publicação Portugal
101 1# - Língua de publicação
Língua do texto, banda sonora, etc. Português
Língua do documento no original Inglês
215 ## - Descrição física 
Indicação específica da natureza do documento e extensão da espécie 176 p.
Dimensões 23 cm
200 1# - Titulo e menção de responsabilidade
Título próprio Adrian Mole na crise da adolescência
Primeira menção de responsabilidade Sue Townsend
Outras menções de responsabilidade trad. Miguel Carvalho de Moura
210 ## - Publicação, Distribuição, etc. 
Lugar da edição, distribuição, etc. Lisboa
Nome do editor, distribuidor, etc. Difel
Data da publicação, distribuição, etc. [D.L. 1987]
304 ## - Notas relativas a título e menção de responsabilidade 
Texto da nota Tít. orig. The growning pains of Adrian Mole
606 ## - Nome comum usado como assunto
Número de registo de entrada de autoridade 0000889
Palavra de ordem Literatura estrangeira infantil
Subdivisão de assunto Diário
675 ## - Classificação Decimal Universal (CDU)
Notação 82-94
Edição
Língua da edição por
702 #1 - Nome de autor-pessoa física (responsabilidade secundária)
Número de registo de entrada de autoridade 0000891
Palavra de ordem Moura
Outra parte do nome não tomada para palavra de ordem Miguel Carvalho de
Código de função Tradutor
700 #1 - Nome de autor-pessoa física (responsabilidade principal)
Número de registo de entrada de autoridade 0000890
Palavra de ordem Townsend
Outra parte do nome não tomada para palavra de ordem Sue
Datas 1946-
942 ## - Elementos de entrada adicionados (Koha)
Tipo de item no Koha Livro
Exemplares
Situação do levantamento Origin of item (home branch) (coded) Biblioteca de empréstimo Código de barras Cota Circulation type (not for loan) Tipo de documento Nota do exemplar Damaged status
  Biblioteca Escolar da Coca Maravilhas Biblioteca Escolar da Coca Maravilhas BECM892/91 8EST TOW   Livro Sem mensagem